Normale Ansicht MARC-Ansicht

Eintrag Personenname

Verwendet in 2 Titel(n)

001 - Kontrollnummer

  • Kontrollfeld: 16631

003 - Kontrollnummer Identifier

  • Kontrollfeld: RU-10907106

005 - Datum und Zeit der letzten Transaktion

  • Kontrollfeld: 20221118093924.0

008 - Datenelemente mit fester Länge

  • Kontrollfeld mit fester Länge: 221118|| aca||aabn | a|a d

040 ## - Katalogisierungsquelle

  • Original-Katalogisierungsstelle: RU-10907106
  • Übertragungsstelle: RU-10907106

100 ## - Ansetzung - Personenname

  • Personenname: Prochorov, Dmitrij P

670 ## - Datenquelle

  • Quellenangabe: Work cat.: (RU-10907106)6466: Kolpakidi, Aleksandr 16630, Imperija GRU 1 Imperija GRU : Očerki istorii rossijskoj voennoj razvedki : Tom 1